World Capitals Containing the Letter H - Statistics

General Stats
  • This quiz has been taken 3,375 times
  • The average score is 26 of 32
Answer Stats
Continent Capital % Correct
Europe Helsinki
96%
Asia Hanoi
95%
North America Havana
93%
Africa Harare
91%
Europe Bucharest
90%
North America Washington, DC
90%
Asia Ashgabat
88%
Oceania Honiara
88%
Europe Chisinau
87%
Africa Khartoum
86%
Europe Athens
85%
Europe Copenhagen
85%
Asia Thimphu
85%
Asia Phnom Penh
84%
Europe Stockholm
84%
Asia Tashkent
84%
Asia Tehran
84%
Asia Baghdad
83%
Asia Dhaka
83%
Asia Bishkek
82%
Asia Kathmandu
82%
Asia Dushanbe
81%
Asia New Delhi
81%
Asia Riyadh
81%
Africa Windhoek
80%
Asia Abu Dhabi
78%
Africa Mogadishu
78%
Africa Kinshasa
77%
Asia Doha
71%
Africa Nouakchott
68%
North America Saint John's
67%
Oceania South Tarawa
62%
No matching quizzes found
Score Distribution
Percent of People with Each Score
Percentile by Number Answered
Your Score History
You have not taken this quiz